000 00335nam a2200133Ia 4500
008 150201s2014 xx 000 0 und d
082 _a611.313
_bI2012N
100 _aFEHRENBACH ,M.J
245 _aILLUSTRATED ANATOMY OF THE HEAD AND NECK
250 _a1ST
260 _bELSEVIER PUBLICATION
650 _aANATOMY
942 _2ddc
_cBK
_02
999 _c4889
_d4889